Trombinoscope des personnalités politiques françaises - Statistiques

Statistiques générales
  • Ce quiz a été pris 2 103 fois
  • Le résultat moyen est 67 sur 100
Statistiques - réponses
Hint Réponse % Correct
Eric Zemmour
87%
Nicolas Sarkozy
87%
Emmanuel Macron
87%
François Hollande
87%
Jordan Bardella
87%
Élisabeth Borne
87%
Jean Lassalle
86%
Marine Le Pen
86%
Jean Luc Mélenchon
86%
Jean Marie Le Pen
86%
Rachida Dati
86%
Gabriel Attal
85%
Valérie Pécresse
85%
Marion Maréchal
85%
Philippe Poutou
84%
François Bayrou
84%
Gérald Darmanin
83%
Jacques Chirac
83%
Jean Castex
82%
Eric Ciotti
82%
Édouard Philippe
82%
Christiane Taubira
82%
François Fillon
81%
Charles De Gaulle
81%
Simone Veil
81%
Manuel Valls
81%
Manon Aubry
80%
François Mitterrand
79%
Sébastien Lecornu
79%
Ségolène Royal
78%
Bruno Retailleau
78%
Anne Hidalgo
78%
Valéry Giscard d'Estaing
78%
Louis Boyard
78%
Dominique De Villepin
77%
Mathilde Panot
77%
Nicolas Dupont-Aignan
76%
Raphaël Glucksmann
75%
Laurent Wauquiez
75%
Rima Hassan
75%
Georges Pompidou
75%
Alain Juppé
74%
Olivier Véran
74%
Louis Sarkozy
74%
Nathalie Arthaud
74%
Bruno Le Maire
74%
Fabien Roussel
73%
Lionel Jospin
73%
Gérard Larcher
72%
Sandrine Rousseau
72%
Michel Barnier
72%
Benoît Hamon
72%
Patrick Balkany
70%
Marine Tondelier
70%
Manuel Bompard
70%
Francis Lalanne
70%
Yaël Braun-Pivet
69%
François Ruffin
68%
Clémentine Autain
67%
Olivier Faure
65%
Florian Philippot
65%
Philippe De Villiers
64%
Édith Cresson
64%
Robert Badinter
64%
Jean Philippe Tanguy
64%
Martine Aubry
62%
Robert Ménard
61%
François Xavier Bellamy
61%
Xavier Bertrand
61%
Alexis Corbière
61%
Yannick Jadot
60%
Sébastien Chenu
58%
Aurore Bergé
58%
François Asselineau
57%
Lucie Castets
56%
Jean François Copé
55%
Édouard Balladur
54%
José Bové
53%
Anasse Kazib
52%
Olivier Besancenot
51%
Christian Estrosi
51%
Arlette Laguiller
51%
Laurent Fabius
48%
Robert Hue
46%
Laure Lavalette
46%
André Chassaigne
44%
Louis Aliot
44%
Richard Ferrand
44%
Georges Marchais
43%
Boris Vallaud
41%
Christian Jacob
40%
Hélène Thouy
39%
Marc Fesneau
39%
Carole Delga
38%
Delphine Batho
38%
Michel Debré
38%
David Lisnard
36%
Alain Poher
36%
Charles De Courson
32%
Hervé Marseille
20%
Aucun quiz correspondant
Distribution des résultats
% des personnes avec chaque résultat
Percentile par nombre de réponses
Votre historique - résultats
Vous n’avez pas pris ce quiz